Statistics for Largest Korean Populations Outside of Korea

Click here to take the quiz!

General Stats

  • This quiz has been taken 543 times
  • The average score is 7 of 10

Answer Stats

PopulationCountry% Correct
2.5 MillionChina
98%
2.2 MillionUnited States
98%
855,000Japan
93%
224,000Canada
85%
166,000Russia
75%
153,000Australia
74%
108,000Vietnam
58%
89,000Philippines
50%
107,000Kazakhstan
25%
186,000Uzbekistan
24%

Score Distribution

Percentile by Number Answered

Percent of People with Each Score

Your Score History

You have not taken this quiz